01132nam a22002777a 4500003000900000005001700009008004100026020001800067040004300085082002600128100002900154245014300183264005000326300004500376336002600421337002800447338002700475500002000502650006400522650003500586653002200621655002400643942001200667999001700679952015800696EG-ScBUE20220303143307.0200219s2019 ii a f 000 0 eng d a9789389447507 aEG-ScBUEbengerdacEG-ScBUEdEG-ScBUE04222a620.00151535bGOD1 aGodbole, P. N.,eauthor.10aIntroduction to finite element method /cP. N. Godbole, professor of civil engineering (retired), Indian Institute of Technology, Roorkee. 1aNew Delhi :bI. K. International Pvt.,c2019. axiv, 385 pages :billustrations ;c24 cm 2rdacontentatextbtxt 2rdamediaaunmediatedbn 2rdacarrieravolumebnc aIncludes index. 7aCivil EngineeringxMechanical EngineeringvTextbook.2BUEsh 7aFinite element methods.2BUEsh bENGGENcMarch2022 vReading book934232 2ddccBB c29846d29817 00102ddc40708AlahramaMAINbMAINc1STd2022-03-03ePurchaseg279.00h281l0o620.00151535 GODp000056204r2025-07-15 00:00:00v348.75w2022-03-03yBB